MARC

LEADER 00000nam0a2200000 4500
001 158407
005 20231031154416.0
029 1 0 |a RU  |b 52857.1-2007  |b 52857.2-2007  |b 52857.3-2007  |b 52857.4-2007  |b 52857.5-2007  |b 52857.6-2007  |b 52857.7-2007  |b 52857.8-2007  |b 52857.9-2007  |b 52857.10-2007  |b 52857.11-2007  |b 52857.12-2007  |c ГОСТ Р 
035 |a (RuTPU)RU\TPU\book\171798 
090 |a 158407 
100 |a 20090423d2008 k a0rusy50 ca 
101 0 |a rus 
102 |a RU 
105 |a a l 000zy 
122 2 |a d2007121020  |a d2007121020 
200 1 |a Сосуды и аппараты. Нормы и методы расчета на прочность  |e ГОСТ Р 52857.1-2007 - ГОСТ Р 52857.12-2007  |f Российская Федерация, Федеральное агентство по техническому регулированию и метрологии (Ростехрегулирование) (Госстандарт России) 
205 |a официальное изд. 
210 |a Москва  |c Стандартинформ  |d 2008 
215 |a 307 с.  |c ил. 
225 1 |a Национальные стандарты  |e сборник 
300 |a Введен впервые от 27.12.2007 г. 
606 1 |a Сосуды,работающие под давлением  |x Расчет на прочность  |2 stltpush  |3 (RuTPU)RU\TPU\subj\31303 
610 1 |a химическое оборудование 
610 1 |a химические аппараты 
610 1 |a надежность 
610 1 |a элементы 
610 1 |a соединения 
610 1 |a днища 
610 1 |a стандарты 
610 1 |a ГОСТы 
675 |a 66.023(083.74)  |v 3 
712 0 1 |a Российская Федерация  |b Федеральное агентство по техническому регулированию и метрологии (Ростехрегулирование) (Госстандарт России)  |c (2004- )  |2 stltpush  |3 (RuTPU)RU\TPU\col\6641 
801 1 |a RU  |b 63413507  |c 20090423  |g PSBO 
801 2 |a RU  |b 63413507  |c 20221208  |g PSBO 
942 |c BK